বাংলায় হিন্দু - মুসলিম ঐক্য প্রচেষ্টা ও ব্রিটিশ বিরোধী আন্দোলন (১৯১৬-১৯২৩ খ্রিস্টাব্দ) / (Record no. 77851)
[ view plain ]
| 000 -LEADER | |
|---|---|
| fixed length control field | 02581nam a2200361 a 4500 |
| 001 - CONTROL NUMBER | |
| control field | 77851 |
| 003 - CONTROL NUMBER IDENTIFIER | |
| rucl marc code | BD-RjUL |
| 005 - DATE AND TIME OF LATEST TRANSACTION | |
| control field | 20211209083039.0 |
| 008 - FIXED-LENGTH DATA ELEMENTS--GENERAL INFORMATION | |
| fixed length control field | 210128s 2010bg a|||| m||| 00| 0 ben d |
| 035 ## - SYSTEM CONTROL NUMBER | |
| System control number | (BD-RjUL)78077 |
| 040 ## - CATALOGING SOURCE | |
| Original cataloging agency | BD-RjUL |
| Language of cataloging | ben / eng |
| Transcribing agency | BD-RjUL |
| Modifying agency | BD-RjUL |
| 041 ## - LANGUAGE CODE | |
| Language code of text/sound track or separate title | ben |
| 082 ## - DEWEY DECIMAL CLASSIFICATION NUMBER | |
| Classification number | 954.0357 |
| Author mark and year | KAB 2010 |
| Edition number | 23 |
| 100 ## - MAIN ENTRY--PERSONAL NAME | |
| Personal name | করিম, মো. রেজাউল |
| 9 (RLIN) | 244042 |
| 245 10 - TITLE STATEMENT | |
| Title | বাংলায় হিন্দু - মুসলিম ঐক্য প্রচেষ্টা ও ব্রিটিশ বিরোধী আন্দোলন (১৯১৬-১৯২৩ খ্রিস্টাব্দ) / |
| Statement of responsibility, etc. | মো. রেজাউল করিম ; |
| Linkage | সুপারভাইজার : মো. শেরেজ্জামান |
| 260 ## - PUBLICATION, DISTRIBUTION, ETC. (IMPRINT) | |
| Place of publication, distribution, etc. | রাজশাহী : |
| Name of publisher, distributor, etc. | ইতিহাস বিভাগ, রাজশাহী বিশ্ববিদ্যালয়, |
| Date of publication, distribution, etc. | ২০১০ |
| 300 ## - PHYSICAL DESCRIPTION | |
| Pagination | iv, ৩৪৯ পাতা : |
| Illustrations | চিএ ; |
| Size | ২৯ সেমি. |
| 502 ## - DISSERTATION NOTE | |
| Dissertation note | থিসিস (এম, ফিল.) -- ইতিহাস বিভাগ, রাজশাহী বিশ্ববিদ্যালয়, ২০১০ |
| 504 ## - BIBLIOGRAPHY, ETC. NOTE | |
| Bibliography, etc | গ্রন্থপঞ্জি : পাতা [৩০৩] - ৩৪৯ |
| 600 ## - SUBJECT ADDED ENTRY--PERSONAL NAME | |
| Titles and other words associated with a name | |
| Dates associated with a name | |
| General subdivision | |
| 650 ## - SUBJECT ADDED ENTRY--TOPICAL TERM | |
| Topical term or geographic name as entry element | সাম্প্রদায়িকতা |
| Geographic subdivision | ভারত |
| -- | বঙ্গ |
| Chronological subdivision | ১৯১৬-১৯২৩ খ্রিস্টাব্দ |
| 9 (RLIN) | 194328 |
| Topical term or geographic name as entry element | Communalism |
| Geographic subdivision | India |
| -- | Bengal. |
| Chronological subdivision | 1916-1923 A. D. |
| 9 (RLIN) | 244058 |
| Topical term or geographic name as entry element | হিন্দু ধর্ম |
| General subdivision | সম্পর্ক |
| -- | ইসলাম |
| Chronological subdivision | ১৯১৬-১৯২৩ খ্রিস্টাব্দ |
| 9 (RLIN) | 245709 |
| Topical term or geographic name as entry element | Hinduism |
| General subdivision | Relations |
| -- | Islam |
| Chronological subdivision | 1916-1923 A. D. |
| 9 (RLIN) | 245710 |
| Topical term or geographic name as entry element | ইসলাম |
| General subdivision | সম্পর্ক |
| -- | হিন্দু ধর্ম |
| Chronological subdivision | ১৯১৬-১৯২৩ খ্রিস্টাব্দ |
| 9 (RLIN) | 245712 |
| Topical term or geographic name as entry element | Islam |
| General subdivision | Relations |
| -- | Hinduism |
| Chronological subdivision | 1916-1923 A. D. |
| 9 (RLIN) | 245713 |
| 651 ## - SUBJECT ADDED ENTRY--GEOGRAPHIC NAME | |
| Geographic name | বাংলা (ভারত) |
| General subdivision | রাজনীতি এবং সরকার |
| Chronological subdivision | বিশ শতক |
| 9 (RLIN) | 244059 |
| Geographic name | Bengal (India) |
| General subdivision | Politics and government |
| Chronological subdivision | 20th century. |
| 9 (RLIN) | 244060 |
| Geographic name | বাংলা (ভারত) |
| General subdivision | জাতিগত সম্পর্ক |
| -- | ইতিহাস |
| Chronological subdivision | ১৯১৬-১৯২৩ খ্রিস্টাব্দ |
| 9 (RLIN) | 244063 |
| Geographic name | Bengal (India) |
| General subdivision | Ethnic relations |
| -- | History |
| Chronological subdivision | 1916-1923 A. D. |
| 9 (RLIN) | 244064 |
| 700 ## - ADDED ENTRY--PERSONAL NAME | |
| Personal name | শেরেজ্জামান, মো. , সুপারভাইজার |
| 942 ## - ADDED ENTRY ELEMENTS (KOHA) | |
| Source of classification or shelving scheme | Dewey Decimal Classification |
| Koha item type | Theses |
| Lost status | Source of classification or shelving scheme | Damaged status | Not for loan | Collection code | Permanent Location | Current Location | Shelving location | Date acquired | Source of acquisition | Total Checkouts | Full call number | Date last seen | Copy number | Koha item type |
|---|---|---|---|---|---|---|---|---|---|---|---|---|---|---|
| Dewey Decimal Classification | Not For Loan | Theses | Central Library, University of Rajshahi | Central Library, University of Rajshahi | Documentation Section | 24/05/2011 | Controller of Exam., R.U. | BTHE 954.0357 KAB 2010 | 28/01/2021 | C-1 | Theses |